Notable Aquarians Quiz Stats

 Plays Quiz not verified by Sporcle

Support Sporcle.
Go Orange.
Score 0/22 Timer 07:00
0 Plays Today
Clue Person % Correct
This President was noted for his beard, The Gettysburg Address, and his assassination, amongst other thingsAbraham Lincoln
94.2%
A former secretary of the NAACP who became an important figure in the Civil Rights Movement when she refused to give up her seat on a busRosa Parks
87.5%
This media personality billionaire's accomplishments include a successful talk show, magazine, and an all-girls school in South AfricaOprah Winfrey
86.7%
Inventor who is credited with inventing the phonograph and light bulbThomas Edison
85.8%
Reggae legend whose songs include I Shot The Sheriff and No Woman No CryBob Marley
84.2%
Noted for her red swimsuit poster in the 70's, this actress who played an Angel on TV became a real one after she lost her battle with cancerFarrah Fawcett
81.7%
Author whose work includes The Adventures Of Oliver Twist and A Tale Of Two CitiesCharles Dickens
81.7%
He was MLB's home run king until he was dethroned in 1974Babe Ruth
79.2%
This five-time NBA MVP, six-time NBA Finals MVP, and businessman is widely considered to be the greatest basketball player of all-timeMichael Jordan
77.5%
In 1947, he became the first Black player to play MLB since the 1880'sJackie Robinson
75%
Known as the Great One, he is the NHL's all-time leading scorerWayne Gretzky
73.3%
Clue Person % Correct
He was the first pilot to successfully fly solo nonstop across the Atlantic OceanCharles Lindbergh
70%
He was MLB's all-time home run king until his record was broken in 2007Hank Aaron
65.8%
Confederate general who received his nickname for his stand during the First Battle of Bull RunThomas J. 'Stonewall' Jackson
65%
Former Governor of Alaska and Republican Vice President candidate in the 2008 Presidential electionSarah Palin
62.5%
This composer's work includes Requiem Mass in D MinorWolfgang Amadeus Mozart
59.2%
An Italian physicist, his nicknames include 'the father of science' and 'the father of modern observational astronomy'Galileo Galilei
57.5%
The current President of FranceNicolas Sarkozy
55%
Civil Rights Activist who played a big part in the fight for civil rights for womenSusan B. Anthony
47.5%
Actress who was murdered by followers of Charles MansonSharon Tate
45.8%
She was the Queen of England, Scotland, and Ireland from 1702 until her deathAnne of Great Britain
35.8%
A co-founder and leader of the Black Panther PartyHuey P. Newton
28.3%

You're not logged in!

Compare scores with friends on all Sporcle quizzes.
OR
Log In

From the Vault

Star Wars Sequel Trilogy Characters

by SporcleEXP

Probably want to avoid the comments, lest there be spoilers.
Remove Ads.
Support Sporcle.
Get the best of Sporcle when you Go Orange. This ad-free experience offers more features, more stats, and more fun while also helping to support Sporcle. Thank you for becoming a member.

Show Comments

Extras

Created Oct 1, 2009ReportNominate
Tags:Between, Born, date, death, January, Notable, Person

Top Quizzes Today


Score Distribution

Your Account Isn't Verified!

In order to create a playlist on Sporcle, you need to verify the email address you used during registration. Go to your Sporcle Settings to finish the process.

Report this User

Report this user for behavior that violates our Community Guidelines.

Details: